000 00970nam a2200217Ia 4500
003 OSt
005 20211012124735.0
008 210310s2004 ck gr 000 0 spa d
040 _aCO-JMCR
_cCO-JMCR
041 0 _aspa
082 0 4 _a660.6 /
_bC227b
_223
100 1 _aCano, Carlos Gustavo,
_eautor
_941116
245 1 0 _aBiotecnología y propiedad intelectual en el agro /
_cCarlos Gustavo Cano
260 _c2004
_aBogotá :
_bMinisterio de Agricultura y Desarrollo Rural
300 _a58 páginas ;
_c21 cm.
505 0 _aLa industria de las ciencias de la vida. -- Los materiales transgénicos. -- La dimensión bioética. -- Otros argumentos. -- Los alimentos nutracéuticos de la confrontación. -- Técnica a la comercial. -- La trampa de la desigualdad. -- Las opciones del trópico.
650 1 4 _aBiotecnología
_913123
650 2 4 _aPropiedad intelectual
_xAgro
_941117
650 2 4 _aBiotecnología
_xAplicada a la agroindustria
_941118
942 _2ddc
_cBK
999 _c12602
_d12602